000 00632nam a2200229Ia 4500
003 OSt
005 20220928123958.0
006 a|||||r|||| 00| 0
007 ta
008 220927b |||||||| |||| 00| 0 eng d
024 _a67641
037 _cTextual
040 _aSDCL
_cSDCL
_beng
041 _2eng
_aeng
082 _aX:9.2, L3;1
100 _aAgarwal R D Ed.
_9462921
245 0 _aDynamic of personnel management in India, a book of readings.
260 _aBombay
_bTata Mc-graw-hill
_c1973
300 _axv,323p
_ccm.
942 _hX:9.2, L3;1
_cTEXL
_2CC
999 _c775878
_d775878